| 000 | 02231nam a2200505Ii 4500 | ||
|---|---|---|---|
| 001 | DIGOLEJNK0952 | ||
| 003 | NyNyDIG | ||
| 006 | m o d | ||
| 007 | cr ||||||||||| | ||
| 008 | 221021s2018 cl ob 000 0 spa d | ||
| 035 | _a(OCoLC)1350506285 | ||
| 040 |
_aDGITA _beng _erda _epn _cDGITA |
||
| 020 | _z9789563921205 | ||
| 041 | 1 |
_aspa _hita |
|
| 043 | _ae-it--- | ||
| 050 | 1 | 4 | _aKKH1771 ebook |
| 100 | 1 |
_aCarnelutti, Francesco, _d1879-1965, _eauthor. |
|
| 240 | 1 | 0 |
_aProva civile. _lSpanish _s(Alcalá-Zamora y Castillo) |
| 245 | 1 | 3 |
_aLa prueba civil / _cFrancesco Carnelutti ; apéndice de Giacomo P. Augent ; edición al cuidado de Carlos Antonio Agurto Gonzáles, Sonia Lidia Quequejana Mamani, Benigno Choque Cuenca ; traducción de Niceto Alcalá-Zamora y Castillo. |
| 264 | 1 |
_aSantiago, Chile : _bEdiciones Olejnik, _c[2018] |
|
| 300 | _a1 online resource. | ||
| 336 |
_atext _btxt _2rdacontent |
||
| 337 |
_acomputer _bc _2rdamedia |
||
| 338 |
_aonline resource _bcr _2rdacarrier |
||
| 347 |
_atext file _2rdaft |
||
| 347 | _bPDF | ||
| 490 | 1 | _aBiblioteca de derecho procesal | |
| 504 | _aIncludes bibliographical references. | ||
| 588 | 0 | _aOnline resource; title from PDF title page (Digitalia, viewed October 21, 2022) | |
| 650 | 0 |
_aEvidence (Law) _zItaly. |
|
| 655 | 0 | _aElectronic books. | |
| 700 | 1 |
_aAugent, Giacomo P., _econtributor agent of text. |
|
| 700 | 1 |
_aAgurto Gonzáles, Carlos Antonio, _eeditor. |
|
| 700 | 1 |
_aQuequejana Mamani, Sonia Lidia, _eeditor. |
|
| 700 | 1 |
_aChoque Cuenca, Benigno, _eeditor. |
|
| 700 | 1 |
_aAlcalá-Zamora y Castillo, Niceto, _etranslator. |
|
| 700 | 1 |
_iTranslation of: _aCarnelutti, Francesco, _d1879-1965. _tProva civile. |
|
| 791 | 2 |
_aDigitalia (Firm), _edistributor. |
|
| 793 | 0 |
_gDigitalia eBook Collection: _aEdiciones Olejnik |
|
| 776 | 0 | 8 |
_iPrint version: _aCarnelutti, Francesco, 1879-1965. _sProva civile. Spanish (Alcalá-Zamora y Castillo). _tPrueba civil. _bPrimera edición. _dSantiago, Chile : Ediciones Olejnik, 2018 _z9789563921205 |
| 830 | 0 | _aBiblioteca de derecho procesal (Ediciones Olejnik) | |
| 856 | 4 | 0 |
_3Digitalia Hispánica _uhttps://www.digitaliapublishing.com/a/104997/ |
| 910 | _aPremium collection: 2022 | ||
| 942 | _cRAA | ||
| 999 |
_c270941 _d270941 |
||